The dream keeper and other poems / (Record no. 5540)

MARC details
000 -LEADER
fixed length control field 01004nam a22002897a 4500
001 - CONTROL NUMBER
control field 5540
003 - CONTROL NUMBER IDENTIFIER
control field FISKH
005 - DATE AND TIME OF LATEST TRANSACTION
control field 20241217111437.0
008 - FIXED-LENGTH DATA ELEMENTS--GENERAL INFORMATION
fixed length control field 241217b cb ||||| |||| 00| 0 eng d
020 ## - INTERNATIONAL STANDARD BOOK NUMBER
International Standard Book Number 0590623966
040 ## - CATALOGING SOURCE
Original cataloging agency FISKH
Language of cataloging eng
Transcribing agency FISKH
Modifying agency FISKH
050 ## - LIBRARY OF CONGRESS CALL NUMBER
Classification number PS3515.U274
082 ## - DEWEY DECIMAL CLASSIFICATION NUMBER
Classification number 811.52
100 ## - MAIN ENTRY--PERSONAL NAME
Personal name Hughes, Langston
245 ## - TITLE STATEMENT
Title The dream keeper and other poems /
Statement of responsibility, etc. by Langston Hughes : illustrated by Brian Pinkney
250 ## - EDITION STATEMENT
Edition statement First Scholastic printing, January 1996
260 ## - PUBLICATION, DISTRIBUTION, ETC.
Place of publication, distribution, etc. New York :
Name of publisher, distributor, etc. Scholastic ;
Date of publication, distribution, etc. 1994.
300 ## - PHYSICAL DESCRIPTION
Extent 83 pages :
Other physical details color illustrations ;
Dimensions 24 cm .
505 ## - FORMATTED CONTENTS NOTE
Formatted contents note S <br/>
520 ## - SUMMARY, ETC.
Summary, etc. A collection of sixty-six poems, selected by the author for young readers, including lyrical poems, songs, and blues, many exploring the black experience.
521 8# - TARGET AUDIENCE NOTE
Target audience note 790 <br/>
Source Lexile estimate <br/>
521 8# - TARGET AUDIENCE NOTE
Target audience note S <br/>
Source Raz-Plus <br/>
650 ## - SUBJECT ADDED ENTRY--TOPICAL TERM
Topical term or geographic name entry element African American poetry
Form subdivision Fiction
700 ## - ADDED ENTRY--PERSONAL NAME
Personal name Pinkney, Brian
Relator term illustrator
942 ## - ADDED ENTRY ELEMENTS (KOHA)
Source of classification or shelving scheme Dewey Decimal Classification
Koha item type Books
Suppress in OPAC No
Holdings
Withdrawn status Lost status Source of classification or shelving scheme Damaged status Not for loan Collection Home library Current library Shelving location Date acquired Total Checkouts Full call number Barcode Date last seen Price effective from Koha item type
    Dewey Decimal Classification     Fiction Footprints International School Library Network Toul Kork Campus Footprints International School Library Network Toul Kork Campus TTP Secondary Fiction Bookshelves 12/17/2024   HUG 811.52 PS3515.U274 FISSE01328 12/17/2024 12/17/2024 Books